UM Logo

Human resources management : (Record no. 23627)

MARC details
000 -LEADER
fixed length control field 00594nam a22001697a 4500
005 - DATE AND TIME OF LATEST TRANSACTION
control field 20250515144328.0
008 - FIXED-LENGTH DATA ELEMENTS--GENERAL INFORMATION
fixed length control field 250515b |||||||| |||| 00| 0 eng d
020 ## - INTERNATIONAL STANDARD BOOK NUMBER
International Standard Book Number 9710860119
082 ## - DEWEY DECIMAL CLASSIFICATION NUMBER
Classification number DFil 658.309599 M366 1999
100 ## - MAIN ENTRY--PERSONAL NAME
Personal name Martires, Concepcion Rodil.
9 (RLIN) 57107
245 ## - TITLE STATEMENT
Title Human resources management :
Remainder of title principles and practices /
Statement of responsibility, etc. Concepcion Rodil Martires
250 ## - EDITION STATEMENT
Edition statement Third Edition.
260 ## - PUBLICATION, DISTRIBUTION, ETC. (IMPRINT)
Place of publication, distribution, etc. Mandaluyong City :
Name of publisher, distributor, etc. National Book Store,
Date of publication, distribution, etc. ©1999.
300 ## - PHYSICAL DESCRIPTION
Extent xii, 461 pages :
Other physical details illustrations ;
Dimensions 22 cm.
500 ## - GENERAL NOTE
General note Includes appendix, glossary, and index.
942 ## - ADDED ENTRY ELEMENTS (KOHA)
Source of classification or shelving scheme Dewey Decimal Classification
Koha item type Filipiniana
Holdings
Withdrawn status Lost status Source of classification or shelving scheme Damaged status Not for loan Collection code Home library Current library Date acquired Source of acquisition Cost, normal purchase price Total Checkouts Full call number Barcode Date last seen Price effective from Koha item type
    Dewey Decimal Classification     Filipiniana UM Digos College - LIC UM Digos College - LIC 09/01/2007 Purchased 295.00   DFil 658.309599 M366 1999 19161 05/15/2025 05/15/2025 Filipiniana